000 00911nas a2200301 4500
001 BR0300479
003 BR-BrBNA
005 20231205103532.0
007 ta
008 230509b bl.|||p| |||| 00| 00por d
040 _aBR-BrBNA
_bpor
_cBiblioteca Nacional de Agricultura
041 _a(Pt)
072 _aF62
100 1 _aFaria, L.L.
100 1 _aAlvarenga, A.A. de
100 1 _aCastro, E.M. de
100 1 _aSalvador Sobrinho, J.C.
245 1 _aAlguns aspectos morfofisiológicos do feijão Jacatupé (Pachyrrhizus tuberosus (Lam.)Spreng)
650 _aFEIJÃO
650 _aCRESCIMENTO
650 _aMORFOLOGIA VEGETAL
650 _aFISIOLOGIA VEGETAL
650 _aESTÔMATO
650 _aCLOROFILA
773 0 _tCiência e Agrotecnologia (Brazil)
_xISSN 1413-7054
_g(Jul-Sep 2000), v. 24(3) p. 688-695
_wBR0300479
909 _a202311
_bLúcia
_c55
_dLúcia Elande
942 _2AGRIS
_n0
_cANA
999 _c173385
_d173385